|
|
|
|
| LEADER |
00000nam0a2200000 4500 |
| 001 |
23223 |
| 005 |
20231030195159.0 |
| 010 |
|
|
|a 5241000100
|
| 035 |
|
|
|a (RuTPU)RU\TPU\book\23441
|
| 035 |
|
|
|a BOOK00023513
|
| 090 |
|
|
|a 23223
|
| 100 |
|
|
|a 20011209d2000 m y0rusy50 ca
|
| 101 |
0 |
|
|a rus
|
| 102 |
|
|
|a RU
|
| 105 |
|
|
|a y j 000zy
|
| 200 |
1 |
|
|a Обществознание. 100 экзаменационных ответов
|e учебное пособие для абитуриентов, поступающих на экономические и юридические специальности
|f Под ред. Б. Ю. Сербиновского
|
| 210 |
|
|
|a Ростов-на-Дону
|c МарТ
|d 2000
|
| 215 |
|
|
|a 320 с.
|
| 225 |
1 |
|
|a Экспресс-справочник для поступающих в вузы
|
| 333 |
|
|
|a Исключено из фонда НТБ ТПУ
|
| 686 |
|
|
|a Ся7
|v LBC/SL-A
|2 rubbk
|
| 702 |
|
1 |
|a Сербиновский
|b Б. Ю.
|4 340
|
| 801 |
|
0 |
|a RU
|b 63413507
|c 20011209
|g PSBO
|
| 801 |
|
2 |
|a RU
|b 63413507
|c 20221201
|g PSBO
|
| 942 |
|
|
|c BK
|